El desarrollo indg̕ena, una promesa esquiva Derechos, cultura, estrategia /

Detalles Bibliográficos
Autor principal: Engle, Karen
Formato: eBook
Lenguaje:español
Publicado: Bogot:̀ Siglo del Hombre Editores, 2018
Materias:
Acceso en línea:Acceso restringido

MARC

LEADER 00000nam a22000007a 4500
005 20210503223156.0
007 cr|||| ||||
008 210503s2018 co |||||s|||| 00||0 spa d
020 |a 978-958-665-479-1 
035 |a 33233 
040 |a vLex 
090 |c 11595  |d 11595 
100 1 |a Engle, Karen 
245 1 2 |a El desarrollo indg̕ena, una promesa esquiva  |h [Recurso electrn̤ico] :  |b Derechos, cultura, estrategia /  |c Karen Engle 
256 |a Servicio en ln̕ea 
260 |a Bogot:̀  |b Siglo del Hombre Editores,  |c 2018 
300 |a 1 recurso electrn̤ico 
500 |a En todo el mundo, los pueblos indg̕enas utilizan el derecho internacional para reclamar su patrimonio, territorio y desarrollo econm̤ico. Karen Engle hace un seguimiento de la historia de estas afirmaciones, considerando la prevalencia de determinados marcos legales y sus costos y beneficios para los grupos indg̕enas. Su vv̕ido relato pone de relieve los dilemas que acompaąn a cada estrategis jurd̕ica, as ̕como la permanente elusividad del desarrollo econm̤ico para los pueblos indg̕enas. Coedicin̤ con la Facultad de Derecho de la Universidad de los Andes, Bogot.̀ 
506 1 |a Disponible solo en los productos indicados  |d vLex Global  |d vLex Global (Academic Edition, excluding Law Schools)  |d vLex Global (U.S. Academic Edition, Law Schools)  |d vLex Global (U.S. Academic Edition, excluding Law Schools)  |d vLex Global (Academic Edition, Law Schools) 
650 0 4 |a Derecho Constitucional  |z Colombia 
740 0 |a vLex Libros (Servicio en ln̕ea) 
856 4 0 |u https://vlex.com/source/desarrollo-indigena-una-promesa-esquiva-derechos-cultura-estrategia-33233  |z Acceso restringido 
942 |c BOOK 
999 0 |a Constitutional right